One in eight moved in year to Census 2001 (Record no. 116998)

MARC details
000 -LEADER
fixed length control field 00995cam a2200253 4500
001 - CONTROL NUMBER
control field WB@3612-482
008 - FIXED-LENGTH DATA ELEMENTS--GENERAL INFORMATION
fixed length control field 040204n2004 000 0 eng u
035 ## - SYSTEM CONTROL NUMBER
System control number (Sirsi) u125025
245 ## - TITLE STATEMENT
Title One in eight moved in year to Census 2001
260 ## - PUBLICATION, DISTRIBUTION, ETC.
Date of publication, distribution, etc. 2004
490 ## - SERIES STATEMENT
Series statement National Statistics Press Release
Volume/sequential designation 3 February 2003, (4)
520 ## - SUMMARY, ETC.
Summary, etc. Data from the 2001 Census records that over 6.3 million people who were living in England and Wales on Census day 2001, had moved during the previous 12 months. This equates to 12.2% of the population, 10.6% moved within England and Wales, 0.1% had moved from Scotland or Northern Ireland and 0.7% had moved from outside the UK. The statistics also report on student population and the armed forces.
590 ## - LOCAL NOTE (RLIN)
Local note WB
590 ## - LOCAL NOTE (RLIN)
Local note WB
590 ## - LOCAL NOTE (RLIN)
Local note WB
590 ## - LOCAL NOTE (RLIN)
Local note WB
650 ## - SUBJECT ADDED ENTRY--TOPICAL TERM
Topical term or geographic name entry element STATISTICS
650 ## - SUBJECT ADDED ENTRY--TOPICAL TERM
Topical term or geographic name entry element CENSUS
650 ## - SUBJECT ADDED ENTRY--TOPICAL TERM
Topical term or geographic name entry element POPULATION
650 ## - SUBJECT ADDED ENTRY--TOPICAL TERM
Topical term or geographic name entry element POPULATION MOVEMENT
650 ## - SUBJECT ADDED ENTRY--TOPICAL TERM
Topical term or geographic name entry element MOVING
690 ## - LOCAL SUBJECT ADDED ENTRY--TOPICAL TERM (OCLC, RLIN)
Topical term or geographic name as entry element HOUSING-MARKET
942 ## - ADDED ENTRY ELEMENTS (KOHA)
Suppress in OPAC 0
Holdings
Withdrawn status Lost status Source of classification or shelving scheme Damaged status Not for loan Home library Current library Shelving location Date acquired Total Checkouts Full call number Barcode Date last seen Copy number Price effective from Koha item type
    Dewey Decimal Classification     London London News article 04/02/2004   WB2005-09 125025-1001 06/08/2019 1 06/08/2019 News article
    Dewey Decimal Classification     London London RICS Boxes 04/02/2004   WB2005-09 125025-1002 06/08/2019 2 06/08/2019 Book
    Dewey Decimal Classification     London London News article 04/02/2004   WB2005-09 125025-1003 06/08/2019 3 06/08/2019 News article